In the footsteps of grace: (Record no. 8669)

MARC details
000 -LEADER
fixed length control field 00747nam a22002177a 4500
003 - CONTROL NUMBER IDENTIFIER
control field OSt
005 - DATE AND TIME OF LATEST TRANSACTION
control field 20260306031339.0
008 - FIXED-LENGTH DATA ELEMENTS--GENERAL INFORMATION
fixed length control field 260306b |||||||| |||| 00| 0 eng d
020 ## - INTERNATIONAL STANDARD BOOK NUMBER
International Standard Book Number 9789715103459
040 ## - CATALOGING SOURCE
Original cataloging agency DWCL - Main Lib.
Transcribing agency OC
082 ## - DEWEY DECIMAL CLASSIFICATION NUMBER
Classification number SC 922 T153i 2026
100 ## - MAIN ENTRY--PERSONAL NAME
Personal name Tamongdong, Susan D.
245 ## - TITLE STATEMENT
Title In the footsteps of grace:
Remainder of title my life's journey with Fr. Bates /
Statement of responsibility, etc. Susan D. Tamongdong
260 ## - PUBLICATION, DISTRIBUTION, ETC.
Place of publication, distribution, etc. Manila :
Name of publisher, distributor, etc. Logos Publications,
Date of publication, distribution, etc. c2026.
300 ## - PHYSICAL DESCRIPTION
Extent 181 pages :
Other physical details colored illustrations ;
Dimensions 23cm.
504 ## - BIBLIOGRAPHY, ETC. NOTE
Bibliography, etc. note Includes index.
650 ## - SUBJECT ADDED ENTRY--TOPICAL TERM
Topical term or geographic name entry element 1. Bates, Father -- Biography.
650 ## - SUBJECT ADDED ENTRY--TOPICAL TERM
Topical term or geographic name entry element 2. Spiritual life -- Catholic church -- Personal narratives.
650 ## - SUBJECT ADDED ENTRY--TOPICAL TERM
Topical term or geographic name entry element 3. Tamondong, Susan D. -- Biography.
942 ## - ADDED ENTRY ELEMENTS (KOHA)
Source of classification or shelving scheme Dewey Decimal Classification
Koha item type Special Collection
Suppress in OPAC No
952 ## - LOCATION AND ITEM INFORMATION (KOHA)
--
952 ## - LOCATION AND ITEM INFORMATION (KOHA)
--
Holdings
Withdrawn status Lost status Source of classification or shelving scheme Damaged status Not for loan Home library Current library Shelving location Date acquired Source of acquisition Total Checkouts Full call number Barcode Date last seen Copy number Price effective from Koha item type Uniform Resource Identifier
    Dewey Decimal Classification     Junior High School Library Junior High School Library Special Collection 02/27/2026 Donation   SC 922 T153i 2026 JHS - 21546 03/06/2026 c2 03/06/2026 SC
    Dewey Decimal Classification     Junior High School Library Junior High School Library Special Collection 02/27/2026 Donation   SC 922 T153i 2026 JHS - 21547 03/06/2026 c1 03/06/2026 SC